[Event "Veneto-ch qf 81st"]
[Site "Verona"]
[Date "2022.05.07"]
[Round "2.3"]
[White "Boraso, Alessio"]
[Black "Queiroz, Stella Becker"]
[Result "1-0"]
[WhiteElo "2287"]
[BlackElo "1807"]
[PlyCount "67"]
[EventDate "2022.05.06"]
[EventType "swiss"]
[EventRounds "5"]
[EventCountry "ITA"]
[SourceTitle "EXT 2024"]
[Source "ChessBase"]
[SourceDate "2023.10.10"]
[SourceVersion "1"]
[SourceVersionDate "2023.10.10"]
[SourceQuality "1"]

1. e4 c6 2. d4 d5 3. Nc3 dxe4 4. Nxe4 Nd7 5. Bc4 Ngf6 6. Ng5 e6 7. Ne2 h6 8. Nf3 Bd6 9. Bf4 Qc7 10. Qd2 b5 11. Bb3 Bb7 12. c3 Nd5 13. Bxd5 cxd5 14. 0-0 Nb6 15. Rfe1 Nc4 16. Qc1 Rc8 17. a3 a5 18. Bxd6 Qxd6 19. Nf4 0-0 20. Nd3 Rc7 21. Nfe5 f6 22. Ng6 Rff7 23. f4 Kh7 24. Qc2 f5 25. Nge5 Nxe5 26. Rxe5 Ba6 27. b4 Rf6 28. Nc5 a4 29. Qe2 Kg8 30. Re1 Kf7 31. Qh5+ Kg8 32. Rxe6 Rxe6 33. Rxe6 Qxf4 34. Qe8+ 1-0

[Event "Veneto-ch qf 81st"]
[Site "Verona"]
[Date "2022.05.06"]
[Round "1.16"]
[White "Queiroz, Stella Becker"]
[Black "Peretti, Eva"]
[Result "1-0"]
[WhiteElo "1807"]
[BlackElo "1214"]
[PlyCount "71"]
[EventDate "2022.05.06"]
[EventType "swiss"]
[EventRounds "5"]
[EventCountry "ITA"]
[SourceTitle "EXT 2024"]
[Source "ChessBase"]
[SourceDate "2023.10.10"]
[SourceVersion "1"]
[SourceVersionDate "2023.10.10"]
[SourceQuality "1"]

1. e4 e5 2. Nf3 Nc6 3. Bc4 Bc5 4. d3 d6 5. c3 Nf6 6. 0-0 Bg4 7. Be3 Bb6 8. Nbd2 h6 9. h3 Bh5 10. Re1 0-0 11. Nf1 d5 12. exd5 Nxd5 13. Ng3 Bg6 14. Bxb6 axb6 15. Nxe5 Nxe5 16. Rxe5 Nf4 17. d4 Ra5 18. Rxa5 bxa5 19. Qg4 Qd6 20. Re1 Qc6 21. Bf1 Nd5 22. Re5 Re8 23. h4 Nf6 24. Qf4 Qa4 25. Rxe8+ Nxe8 26. Qe5 b6 27. Kh2 Kf8 28. Bb5 f6 29. Bxa4 fxe5 30. Bxe8 Kxe8 31. dxe5 Ke7 32. f4 Bb1 33. a3 g6 34. Kg1 g5 35. hxg5 hxg5 36. f5 1-0

[Event "BRA-ch (Women) 57th"]
[Site "Rio de Janeiro"]
[Date "2018.02.21"]
[Round "7"]
[White "Queiroz, Stella Becker"]
[Black "Reis, Virginia Lagrange M"]
[Result "0-1"]
[WhiteElo "1833"]
[BlackElo "1808"]
[PlyCount "118"]
[EventDate "2018.02.17"]
[EventType "tourn"]
[EventRounds "9"]
[EventCountry "BRA"]
[SourceTitle "CBM 183 Extra"]
[Source "ChessBase"]
[SourceDate "2018.04.19"]
[SourceVersion "1"]
[SourceVersionDate "2018.04.19"]
[SourceQuality "1"]

1. e4 c5 2. Nf3 g6 3. d4 cxd4 4. Nxd4 Bg7 5. c4 Nc6 6. Be3 d6 7. Nc3 Nf6 8. Be2 0-0 9. 0-0 Bd7 10. Qd2 Nxd4 11. Bxd4 Bc6 12. Bd3 Nd7 13. Bxg7 Kxg7 14. Rfe1 a5 15. h4 h5 16. b3 Nc5 17. Bc2 Qd7 18. Qg5 Ne6 19. Qe3 Nc7 20. Rad1 Qe6 21. Nd5 Bxd5 22. cxd5 Qf6 23. f4 Qxh4 24. Bb1 Rfc8 25. e5 Nb5 26. Bd3 Nc3 27. g3 Nxd1 28. Rxd1 Qg4 29. Be2 Qd7 30. Bd3 Qc7 31. Kg2 Qc5 32. Qe4 Qb4 33. Qf3 Rc3 34. f5 Qg4 35. f6+ exf6 36. Qxf6+ Kg8 37. e6 fxe6 38. Qxc3 Qxd1 39. dxe6 Rf8 40. e7 Qf3+ 41. Kh2 Qf2+ 42. Kh3 Re8 43. Qc4+ Kg7 44. Qc7 Qf6 45. Qxb7 Rxe7 46. Qb6 Qe6+ 47. Kh2 Qe5 48. Bc4 h4 49. Kh1 Qe1+ 50. Qg1 Qxg1+ 51. Kxg1 hxg3 52. Kg2 Re3 53. a4 Kf6 54. Bd5 Ke5 55. Bf7 g5 56. Kh3 Kf4 57. Bd5 Re2 58. Bg2 g4+ 59. Kh4 Rxg2 0-1

[Event "BRA-ch (Women) 57th"]
[Site "Rio de Janeiro"]
[Date "2018.02.20"]
[Round "5"]
[White "Queiroz, Stella Becker"]
[Black "Bonfim, Regina Rodrigues"]
[Result "1-0"]
[WhiteElo "1833"]
[BlackElo "1763"]
[PlyCount "51"]
[EventDate "2018.02.17"]
[EventType "tourn"]
[EventRounds "9"]
[EventCountry "BRA"]
[SourceTitle "CBM 183 Extra"]
[Source "ChessBase"]
[SourceDate "2018.04.19"]
[SourceVersion "1"]
[SourceVersionDate "2018.04.19"]
[SourceQuality "1"]

1. e4 e5 2. Nf3 d6 3. d4 exd4 4. Nxd4 Nf6 5. Nc3 Bd7 6. Be2 Nc6 7. Be3 Be7 8. g4 h6 9. Rg1 Nh7 10. Qd2 Nxd4 11. Bxd4 Bg5 12. Be3 Bc6 13. 0-0-0 Bxe3 14. Qxe3 Qe7 15. Nd5 Bxd5 16. Rxd5 Nf6 17. Rd4 a6 18. h4 c5 19. Ra4 0-0 20. g5 hxg5 21. Qxg5 g6 22. h5 Kh8 23. hxg6 fxg6 24. e5 Qxe5 25. Rh4+ Nh7 26. Rxh7+ 1-0

[Event "BRA-ch (Women) 57th"]
[Site "Rio de Janeiro"]
[Date "2018.02.19"]
[Round "3"]
[White "Queiroz, Stella Becker"]
[Black "Terao, Juliana Sayumi"]
[Result "0-1"]
[WhiteElo "1833"]
[BlackElo "2256"]
[PlyCount "64"]
[EventDate "2018.02.17"]
[EventType "tourn"]
[EventRounds "9"]
[EventCountry "BRA"]
[SourceTitle "CBM 183 Extra"]
[Source "ChessBase"]
[SourceDate "2018.04.19"]
[SourceVersion "1"]
[SourceVersionDate "2018.04.19"]
[SourceQuality "1"]

1. e4 c5 2. Nf3 Nc6 3. Bb5 e6 4. 0-0 Nge7 5. Re1 a6 6. Bf1 d6 7. c3 e5 8. d4 cxd4 9. cxd4 Bg4 10. d5 Nd4 11. Be2 Nxe2+ 12. Qxe2 Ng6 13. h3 Bd7 14. Be3 Be7 15. Na3 b5 16. Rec1 0-0 17. Rc2 f5 18. exf5 Bxf5 19. Rc6 Qe8 20. Rac1 Be4 21. Rd1 Bxf3 22. gxf3 Nh4 23. f4 Rf6 24. fxe5 Nf3+ 25. Kh1 Qh5 26. Qf1 Qxe5 27. Qg2 Raf8 28. Qg3 Qxb2 29. Qg4 Rg6 30. Qh5 Qxa3 31. Rc7 Qa4 32. Rf1 Qe4 0-1

[Event "Florianopolis op 4th"]
[Site "Florianopolis"]
[Date "2018.01.21"]
[Round "4"]
[White "Queiroz, Stella Becker"]
[Black "Passos, Rafael Moreira"]
[Result "1-0"]
[WhiteElo "1833"]
[BlackElo "1648"]
[PlyCount "61"]
[EventDate "2018.01.19"]
[EventType "swiss"]
[EventRounds "10"]
[EventCountry "BRA"]
[SourceTitle "EXT 2019"]
[Source "ChessBase"]
[SourceDate "2018.10.10"]
[SourceVersion "1"]
[SourceVersionDate "2018.10.10"]
[SourceQuality "1"]

1. e4 c5 2. Nf3 e6 3. d4 cxd4 4. Nxd4 Nc6 5. Nb5 d6 6. Bf4 e5 7. Be3 Nf6 8. N1c3 a6 9. Na3 b5 10. Nd5 Be6 11. Bb6 Qc8 12. Nc7+ Ke7 13. Nxa8 Qxa8 14. f3 g6 15. c4 b4 16. Nc2 Nd7 17. Bf2 Qb7 18. b3 Bg7 19. Be2 f5 20. 0-0 f4 21. a3 Nc5 22. Nxb4 Nxb4 23. axb4 Qxb4 24. Rb1 g5 25. Be1 Qb6 26. Kh1 h5 27. b4 Nd7 28. Bf2 Qc7 29. c5 dxc5 30. bxc5 Nxc5 31. Rc1 1-0

[Event "Caioba Telecom op"]
[Site "Caioba"]
[Date "2017.10.01"]
[Round "8"]
[White "Queiroz, Stella Becker"]
[Black "Chang, Suzana"]
[Result "1-0"]
[WhiteElo "1817"]
[BlackElo "2098"]
[PlyCount "159"]
[EventDate "2017.09.28"]
[EventType "swiss"]
[EventRounds "8"]
[EventCountry "BRA"]
[SourceTitle "EXT 2020"]
[Source "ChessBase"]
[SourceDate "2019.10.17"]
[SourceVersion "1"]
[SourceVersionDate "2019.10.17"]
[SourceQuality "1"]

1. f4 d5 2. e3 g6 3. Nf3 Bg7 4. Be2 Nh6 5. Nc3 0-0 6. 0-0 b6 7. Kh1 Bb7 8. b3 c5 9. Rb1 d4 10. exd4 cxd4 11. Nb5 a6 12. Na3 b5 13. Bb2 Nc6 14. Qe1 Qd6 15. d3 Nf5 16. Nd2 Qb4 17. Ne4 Ne3 18. Rf2 Rfc8 19. c4 dxc3 20. Nxc3 Nd4 21. Ne4 Qxe1+ 22. Rxe1 Bxe4 23. dxe4 Nec2 24. Ref1 Ne3 25. Re1 Ndc2 26. Nxc2 Nxc2 27. Rb1 Bxb2 28. Rxb2 Nd4 29. h3 f6 30. Bg4 Rc1+ 31. Kh2 e5 32. fxe5 fxe5 33. Be2 Rac8 34. Bd3 R8c3 35. Bb1 Re3 36. Rf6 Ree1 37. Bd3 Rcd1 38. Rxa6 Rxd3 39. Ra7 Rxe4 40. Rb1 Rc3 41. Rf1 Rf4 42. Re1 Nc6 43. Rc7 Rf5 44. Rd1 Rf7 45. Rc8+ Kg7 46. Rd6 Rf6 47. Rc7+ Rf7 48. Rcxc6 Rxc6 49. Rxc6 Ra7 50. Re6 Rxa2 51. Rxe5 h5 52. Rxb5 Rb2 53. Kg3 Kf6 54. Rb8 g5 55. b4 Kf5 56. b5 Rb3+ 57. Kh2 Kg6 58. b6 h4 59. b7 Kg7 60. Kg1 Rb2 61. Kf1 Kh7 62. Ke1 Kg7 63. Kd1 Kh7 64. Kc1 Rb6 65. Kc2 Kg7 66. Kc3 Rb1 67. Kd4 Rb5 68. Ke4 Kh7 69. Kd4 Kg7 70. Kc4 Rb1 71. Kc5 Rc1+ 72. Kd6 Rb1 73. Ke6 Rb5 74. Kd6 Kh7 75. Kc6 Rb1 76. Rd8 Rc1+ 77. Kb6 Rb1+ 78. Kc7 Rc1+ 79. Kb8 Kg7 80. Rd6 1-0

[Event "Aldeia de Barueri op"]
[Site "Aldeia de Barueri"]
[Date "2017.08.06"]
[Round "6"]
[White "Madeira, Wagner Martins"]
[Black "Queiroz, Stella Becker"]
[Result "1-0"]
[WhiteElo "2168"]
[BlackElo "1807"]
[PlyCount "57"]
[EventDate "2017.08.04"]
[EventType "swiss"]
[EventRounds "6"]
[EventCountry "BRA"]
[SourceTitle "CBM 180 Extra"]
[Source "ChessBase"]
[SourceDate "2017.10.06"]
[SourceVersion "1"]
[SourceVersionDate "2017.10.06"]
[SourceQuality "1"]

1. Nf3 Nf6 2. g3 d5 3. Bg2 c6 4. 0-0 Bf5 5. b3 e6 6. Bb2 Be7 7. d3 0-0 8. Nbd2 Nbd7 9. Nh4 Bg6 10. Nxg6 hxg6 11. e4 Qc7 12. Qe2 dxe4 13. dxe4 e5 14. f4 exf4 15. gxf4 Bc5+ 16. Kh1 Rae8 17. Rae1 Nh5 18. Qf3 Qd8 19. Bh3 Ne5 20. Qg2 Bb4 21. Rd1 Nd7 22. Nc4 Re7 23. Ne5 Nhf6 24. Bxd7 Nxd7 25. Qh3 Qc8 26. Nxd7 Rd8 27. Nf6+ gxf6 28. Rxd8+ Qxd8 29. Bxf6 1-0

[Event "Aldeia de Barueri op"]
[Site "Aldeia de Barueri"]
[Date "2017.08.05"]
[Round "3"]
[White "Queiroz, Stella Becker"]
[Black "Costa, Iaggo Bernini"]
[Result "1-0"]
[WhiteElo "1807"]
[BlackElo "1457"]
[PlyCount "84"]
[EventDate "2017.08.04"]
[EventType "swiss"]
[EventRounds "6"]
[EventCountry "BRA"]
[SourceTitle "CBM 180 Extra"]
[Source "ChessBase"]
[SourceDate "2017.10.06"]
[SourceVersion "1"]
[SourceVersionDate "2017.10.06"]
[SourceQuality "1"]

1. e4 e5 2. Nf3 Nf6 3. Nxe5 d6 4. Nf3 Nxe4 5. Nc3 Nxc3 6. dxc3 Be7 7. Be3 0-0 8. Qd2 h6 9. 0-0-0 Be6 10. Kb1 c5 11. Bd3 Qa5 12. a3 Nc6 13. Bxh6 b5 14. Rhe1 b4 15. Bg5 Rab8 16. c4 Qa6 17. Bxe7 bxa3 18. b3 Nxe7 19. Re4 Rb7 20. Rh4 a2+ 21. Ka1 Rfb8 22. Bh7+ Kf8 23. Qxd6 Qa5 24. Qe5 Nc6 25. Qb2 Nb4 26. Be4 Bxc4 27. Rh8+ Ke7 28. Qe5+ Be6 29. Qg5+ f6 30. Qxg7+ Bf7 31. Bxb7 Nxc2+ 32. Kb2 a1Q+ 33. Rxa1 Qxa1+ 34. Kxc2 Qa2+ 35. Kc3 Qxb3+ 36. Kd2 Qb2+ 37. Ke3 Qb3+ 38. Kf4 Qc4+ 39. Be4 Rxh8 40. Qxh8 Bd5 41. Qh7+ Ke6 42. Qg8+ Kd6 1-0

[Event "BRA-ch sf (Women)"]
[Site "Icara"]
[Date "2017.07.02"]
[Round "7"]
[White "Queiroz, Stella Becker"]
[Black "Librelato, Kathie Goulart"]
[Result "0-1"]
[WhiteElo "1793"]
[BlackElo "2009"]
[PlyCount "116"]
[EventDate "2017.06.29"]
[EventType "swiss"]
[EventRounds "7"]
[EventCountry "BRA"]
[SourceTitle "CBM 179 Extra"]
[Source "ChessBase"]
[SourceDate "2017.08.23"]
[SourceVersion "1"]
[SourceVersionDate "2017.08.23"]
[SourceQuality "1"]

1. e4 d6 2. d4 g6 3. Nf3 Bg7 4. c3 Nf6 5. Bd3 0-0 6. 0-0 c5 7. Nbd2 Qc7 8. Re1 Bd7 9. a4 cxd4 10. Nxd4 Nc6 11. Nb5 Qd8 12. Nf3 a6 13. Na3 Rc8 14. Nc4 b5 15. Na3 b4 16. Bxa6 bxa3 17. Bxc8 axb2 18. Bxb2 Qxc8 19. e5 Ne8 20. exd6 Nxd6 21. Nd4 Qb7 22. Ba3 Nxd4 23. cxd4 Bf5 24. Ra2 Qd5 25. Rae2 Bg4 26. f3 Qxd4+ 27. Qxd4 Bxd4+ 28. Kh1 Be6 29. Rd1 Bf6 30. Bxd6 exd6 31. Rxd6 Rc8 32. g3 Rc1+ 33. Kg2 Be7 34. Rdd2 Bc5 35. h4 Rg1+ 36. Kh2 Ra1 37. a5 Kg7 38. Rc2 Bb4 39. Rc7 Kf6 40. Rb2 Bxa5 41. Ra7 Bd5 42. Kg2 Ra3 43. Rf2 h5 44. Kh2 Ke5 45. Kg2 Kd4 46. Kg1 Kc4 47. Kg2 Kb5 48. Rd7 Rd3 49. Re7 Kc5 50. Ree2 Kd4 51. Re7 Bb4 52. Re8 f6 53. Ree2 g5 54. hxg5 fxg5 55. Rb2 Bc3 56. Rb1 g4 57. Rbf1 Ke3 58. Rh1 Bxf3+ 0-1

[Event "BRA-ch sf (Women)"]
[Site "Icara"]
[Date "2017.07.01"]
[Round "4"]
[White "Queiroz, Stella Becker"]
[Black "Nicoladeli, Isadora Da Rocha"]
[Result "1-0"]
[WhiteElo "1793"]
[BlackElo "1364"]
[PlyCount "41"]
[EventDate "2017.06.29"]
[EventType "swiss"]
[EventRounds "7"]
[EventCountry "BRA"]
[SourceTitle "CBM 179 Extra"]
[Source "ChessBase"]
[SourceDate "2017.08.23"]
[SourceVersion "1"]
[SourceVersionDate "2017.08.23"]
[SourceQuality "1"]

1. e4 e6 2. d4 d5 3. Nd2 Nf6 4. e5 Nfd7 5. Bd3 c5 6. c3 Nc6 7. Ne2 Be7 8. 0-0 0-0 9. f4 a6 10. Nf3 b5 11. g4 b4 12. f5 exf5 13. gxf5 Re8 14. Kh1 bxc3 15. bxc3 cxd4 16. cxd4 Nb4 17. Bb1 Nb6 18. a3 Nc6 19. f6 Bf8 20. Qc2 Bb7 21. Qxh7# 1-0

[Event "BRA-ch sf (Women)"]
[Site "Icara"]
[Date "2017.06.29"]
[Round "1"]
[White "De Melo, Thalia Rosa"]
[Black "Queiroz, Stella Becker"]
[Result "0-1"]
[WhiteElo "1672"]
[BlackElo "1793"]
[PlyCount "66"]
[EventDate "2017.06.29"]
[EventType "swiss"]
[EventRounds "7"]
[EventCountry "BRA"]
[SourceTitle "CBM 179 Extra"]
[Source "ChessBase"]
[SourceDate "2017.08.23"]
[SourceVersion "1"]
[SourceVersionDate "2017.08.23"]
[SourceQuality "1"]

1. e4 c5 2. Nf3 e6 3. Nc3 Nc6 4. Bc4 Qc7 5. d3 Nf6 6. Bf4 Qxf4 7. g3 Qc7 8. Nb5 Qb8 9. Qd2 a6 10. Nc3 b5 11. Bb3 Be7 12. 0-0 0-0 13. Ne2 d5 14. c4 dxe4 15. dxe4 Nxe4 16. Qe3 Bb7 17. Qxe4 Nd4 18. Qe3 Nxf3+ 19. Kg2 Nd2+ 20. f3 Nxf1 21. Kxf1 Rd8 22. Nf4 Rd6 23. Bc2 Qc7 24. Qe2 Rad8 25. Rd1 Rxd1+ 26. Bxd1 Rd4 27. Nxe6 fxe6 28. Qxe6+ Kh8 29. Qf7 Rxd1+ 30. Ke2 Rd8 31. f4 Qc6 32. Kf2 Qf3+ 33. Ke1 Rd1# 0-1

[Event "Sao Paulo op-B U2050 6th"]
[Site "Sao Paulo"]
[Date "2017.04.15"]
[Round "4"]
[White "Queiroz, Stella Becker"]
[Black "Lisunenko, Julio Cesar Carvalh"]
[Result "1-0"]
[WhiteElo "1763"]
[BlackElo "1693"]
[PlyCount "47"]
[EventDate "2017.04.14"]
[EventType "swiss"]
[EventRounds "6"]
[EventCountry "BRA"]
[SourceTitle "EXT 2019"]
[Source "ChessBase"]
[SourceDate "2018.10.10"]
[SourceVersion "1"]
[SourceVersionDate "2018.10.10"]
[SourceQuality "1"]

1. e4 c5 2. Nf3 Nc6 3. d4 cxd4 4. Nxd4 e6 5. Nc3 Bb4 6. Ndb5 Nge7 7. Nd6+ Bxd6 8. Qxd6 a6 9. Be3 0-0 10. Bd3 Qa5 11. 0-0 Qb4 12. Bc5 Qa5 13. Nd5 exd5 14. exd5 Rd8 15. dxc6 Ng6 16. c7 Re8 17. b4 Qa3 18. Rfe1 Re6 19. Bxg6 hxg6 20. Rxe6 dxe6 21. Qd8+ Kh7 22. Qh4+ Kg8 23. Rd1 Bd7 24. Qd8+ 1-0

[Event "Sao Paulo Freitas op 2nd"]
[Site "Sao Paulo"]
[Date "2016.04.17"]
[Round "6"]
[White "Wieth, Kelvin Eduardo"]
[Black "Queiroz, Stella Becker"]
[Result "1-0"]
[WhiteElo "2025"]
[BlackElo "1723"]
[PlyCount "47"]
[EventDate "2016.04.15"]
[EventType "swiss"]
[EventRounds "6"]
[EventCountry "BRA"]
[SourceTitle "EXT 2017"]
[Source "ChessBase"]
[SourceDate "2016.10.25"]
[SourceVersion "1"]
[SourceVersionDate "2016.10.25"]
[SourceQuality "1"]

1. e4 c6 2. Bc4 d5 3. Bb3 dxe4 4. Qh5 e6 5. Nc3 Nf6 6. Qh4 Nbd7 7. Nxe4 Nxe4 8. Qxe4 Nf6 9. Qe2 Be7 10. Nf3 0-0 11. d4 Qc7 12. Bg5 a5 13. a4 Bd7 14. Ne5 h6 15. h4 c5 16. dxc5 Rad8 17. 0-0-0 Nd5 18. Bxd5 hxg5 19. Be4 gxh4 20. Qh5 f5 21. Ng6 Bf6 22. g4 Qxc5 23. gxf5 exf5 24. Bd5+ 1-0

[Event "Sao Paulo Freitas op 2nd"]
[Site "Sao Paulo"]
[Date "2016.04.15"]
[Round "2"]
[White "Okamura, Milton Kasuo"]
[Black "Queiroz, Stella Becker"]
[Result "0-1"]
[WhiteElo "2033"]
[BlackElo "1723"]
[PlyCount "72"]
[EventDate "2016.04.15"]
[EventType "swiss"]
[EventRounds "6"]
[EventCountry "BRA"]
[SourceTitle "CBM 171 Extra"]
[Source "ChessBase"]
[SourceDate "2016.04.26"]
[SourceVersion "1"]
[SourceVersionDate "2016.04.26"]
[SourceQuality "1"]

1. d4 Nf6 2. c4 e6 3. Nc3 Bb4 4. e3 b6 5. Nge2 Bb7 6. a3 Be7 7. Nf4 d6 8. d5 e5 9. Nh5 Nxh5 10. Qxh5 Nd7 11. e4 a5 12. Be2 Nc5 13. Be3 Nb3 14. Rb1 Bc8 15. Bd1 Nc5 16. Bc2 Ba6 17. b4 axb4 18. axb4 Nd7 19. Bd3 Nf6 20. Qe2 Qd7 21. h3 h6 22. 0-0 Nh7 23. Ra1 0-0 24. Ra2 Bg5 25. Rfa1 Bb7 26. c5 bxc5 27. bxc5 c6 28. Rxa8 Rxa8 29. Rxa8+ Bxa8 30. Qa2 Bb7 31. Bxg5 hxg5 32. Qa7 Bc8 33. Qb8 Nf8 34. cxd6 Qb7 35. Qxb7 Bxb7 36. Bc4 Nd7 0-1

[Event "Sao Paulo Freitas op 2nd"]
[Site "Sao Paulo"]
[Date "2016.04.15"]
[Round "1"]
[White "Queiroz, Stella Becker"]
[Black "Rodrigues, Nei Jorge"]
[Result "1/2-1/2"]
[WhiteElo "1723"]
[BlackElo "2063"]
[PlyCount "158"]
[EventDate "2016.04.15"]
[EventType "swiss"]
[EventRounds "6"]
[EventCountry "BRA"]
[SourceTitle "CBM 171 Extra"]
[Source "ChessBase"]
[SourceDate "2016.04.26"]
[SourceVersion "1"]
[SourceVersionDate "2016.04.26"]
[SourceQuality "1"]

1. e4 g6 2. d4 Bg7 3. Nf3 d6 4. h3 Nf6 5. Bd3 Nbd7 6. Nbd2 0-0 7. 0-0 c5 8. c3 Qc7 9. Re1 e5 10. dxc5 Nxc5 11. Bc2 b5 12. Nb3 Bb7 13. Nxc5 dxc5 14. Qe2 c4 15. Bg5 Nd7 16. Rad1 Nc5 17. Nd2 Ne6 18. Be3 h5 19. f3 Rfd8 20. Nf1 Bf8 21. Bf2 Nf4 22. Qe3 Rdc8 23. Qc1 Bh6 24. Be3 Qe7 25. Qd2 Rd8 26. Qf2 Rxd1 27. Rxd1 Bc8 28. Kh2 Bg5 29. Bxf4 exf4 30. Qd4 Be6 31. Qd6 Rd8 32. Qxe7 Bxe7 33. Rxd8+ Bxd8 34. g3 Bc7 35. Kg2 a5 36. g4 h4 37. Kf2 b4 38. Nd2 bxc3 39. bxc3 Be5 40. Nb1 Kf8 41. Ke2 Ke7 42. Kd2 Kd6 43. Ke2 Kc5 44. Kd2 Bd7 45. Ke2 Bc6 46. Kd2 Bc7 47. Ke2 Kd6 48. Kd2 Bb6 49. Ke1 Bc5 50. Kd1 Ke5 51. Ke2 Bd7 52. Kd2 Be3+ 53. Ke2 Be6 54. Kd1 Bc5 55. Ke2 Kf6 56. Kd2 Bd6 57. Ke2 Be5 58. Kd2 Kg5 59. Ke2 Bd6 60. Kd2 Kf6 61. Ke2 Ke7 62. Kd2 Bd7 63. Ke2 Bc5 64. Kd2 Kd6 65. Ke2 a4 66. Kd2 a3 67. Ke2 Bb5 68. Kd2 Ke6 69. Ke2 Bd6 70. Kd2 Kd7 71. Ke2 Kc6 72. Kd2 Kb6 73. Ke2 Bc5 74. Kd2 Bc6 75. Ke2 Ka5 76. Kd2 Be3+ 77. Ke2 Bc1 78. Kf2 Ba4 79. Bxa4 Kxa4 1/2-1/2

[Event "Matinhos Caioba op"]
[Site "Matinhos"]
[Date "2015.08.14"]
[Round "1"]
[White "Quintiliano Pinto, Renato Rodrigues"]
[Black "Queiroz, Stella Becker"]
[Result "1-0"]
[WhiteElo "2432"]
[BlackElo "1751"]
[PlyCount "35"]
[EventDate "2015.08.14"]
[EventType "swiss"]
[EventRounds "6"]
[EventCountry "BRA"]
[SourceTitle "EXT 2016"]
[Source "ChessBase"]
[SourceDate "2015.10.08"]
[SourceVersion "1"]
[SourceVersionDate "2015.10.08"]
[SourceQuality "1"]

1. d4 d5 2. c4 c6 3. Nc3 Nf6 4. cxd5 cxd5 5. Bf4 e6 6. e3 Nc6 7. Bd3 Be7 8. h3 0-0 9. Nf3 b6 10. 0-0 Bb7 11. Rc1 Rc8 12. Ne5 Na5 13. Qe2 Nc6 14. Ba6 Nxe5 15. Bxb7 Nc4 16. Bxc8 Qxc8 17. b3 Qb7 18. bxc4 1-0

[Event "Curitiba Sul Regional-ch"]
[Site "Curitiba"]
[Date "2015.07.12"]
[Round "6"]
[White "Ribeiro, Regina"]
[Black "Queiroz, Stella Becker"]
[Result "1/2-1/2"]
[WhiteElo "1980"]
[BlackElo "1737"]
[PlyCount "82"]
[EventDate "2015.07.10"]
[EventType "swiss"]
[EventRounds "6"]
[EventCountry "BRA"]
[SourceTitle "EXT 2017"]
[Source "ChessBase"]
[SourceDate "2016.10.25"]
[SourceVersion "1"]
[SourceVersionDate "2016.10.25"]
[SourceQuality "1"]

1. Nf3 d5 2. g3 c6 3. Bg2 Nf6 4. b3 Bf5 5. Bb2 e6 6. 0-0 Be7 7. d3 h6 8. Nbd2 0-0 9. c4 Nbd7 10. Qc2 a5 11. a3 b5 12. Nd4 Qb6 13. Nxf5 exf5 14. d4 Ne4 15. c5 Qc7 16. f3 Nxd2 17. Qxd2 Bg5 18. Qd3 Rae8 19. f4 Bf6 20. b4 a4 21. Bf3 g6 22. Rae1 Re6 23. e3 Rfe8 24. Bc3 Bg7 25. g4 fxg4 26. Bxg4 f5 27. Bf3 Nf6 28. Bd2 Qe7 29. Re2 Ne4 30. Bxe4 Rxe4 31. Rg2 Kh7 32. Rf3 Re6 33. Rfg3 Qf7 34. h4 h5 35. Qf1 Rg8 36. Qf3 Bh6 37. Be1 Rg7 38. Bf2 Kg8 39. Kf1 Kf8 40. Rg1 Ke8 41. Qh1 Kd8 1/2-1/2

[Event "Curitiba Sul Regional-ch"]
[Site "Curitiba"]
[Date "2015.07.11"]
[Round "4"]
[White "Queiroz, Stella Becker"]
[Black "Feller, Gabriela Luisa Vice"]
[Result "1-0"]
[WhiteElo "1737"]
[BlackElo "1414"]
[PlyCount "65"]
[EventDate "2015.07.10"]
[EventType "swiss"]
[EventRounds "6"]
[EventCountry "BRA"]
[SourceTitle "EXT 2017"]
[Source "ChessBase"]
[SourceDate "2016.10.25"]
[SourceVersion "1"]
[SourceVersionDate "2016.10.25"]
[SourceQuality "1"]

1. e4 e6 2. d4 d5 3. Nd2 c5 4. exd5 cxd4 5. dxe6 Bxe6 6. Ngf3 Nc6 7. Bb5 a6 8. Ba4 b5 9. Bb3 Bxb3 10. Nxb3 Bb4+ 11. Bd2 d3 12. 0-0 dxc2 13. Qxc2 Rc8 14. Qe4+ Be7 15. Bc3 f6 16. Rad1 Qc7 17. Rfe1 Nh6 18. Qe6 Nf7 19. Nc5 a5 20. Rd7 Nfd8 21. Rxc7 Nxe6 22. Rxc8+ Ned8 23. Re6 0-0 24. Rexc6 Nxc6 25. Rxc6 Rd8 26. h3 Rd1+ 27. Kh2 Rc1 28. Nb3 Rc2 29. Nbd4 Rxf2 30. Nxb5 a4 31. Ra6 Re2 32. Rxa4 Bc5 33. Ra8+ 1-0

[Event "Curitiba Sul Regional-ch"]
[Site "Curitiba"]
[Date "2015.07.10"]
[Round "1"]
[White "Limberg, Estacio Vermelho"]
[Black "Queiroz, Stella Becker"]
[Result "1-0"]
[WhiteElo "2237"]
[BlackElo "1737"]
[PlyCount "51"]
[EventDate "2015.07.10"]
[EventType "swiss"]
[EventRounds "6"]
[EventCountry "BRA"]
[SourceTitle "EXT 2016"]
[Source "ChessBase"]
[SourceDate "2015.10.08"]
[SourceVersion "1"]
[SourceVersionDate "2015.10.08"]
[SourceQuality "1"]

1. c4 c6 2. d4 d5 3. Nc3 Nf6 4. Nf3 dxc4 5. a4 Bf5 6. Ne5 e6 7. f3 h6 8. e4 Bh7 9. Bxc4 Be7 10. a5 0-0 11. Be3 Nbd7 12. a6 Qc7 13. axb7 Qxb7 14. Nd3 Rfd8 15. Qa4 Nb6 16. Qa6 Qc7 17. 0-0 Nxc4 18. Qxc4 Rab8 19. Bf4 Qd7 20. Bxb8 Rxb8 21. Ne5 Qc7 22. Nxc6 Bf8 23. Rxa7 Rb7 24. Rxb7 Qxb7 25. b4 Qc7 26. b5 1-0

[Event "Sao Paulo Consciencia op 3rd"]
[Site "Sao Paulo"]
[Date "2015.04.19"]
[Round "4"]
[White "Queiroz, Stella Becker"]
[Black "Sato, Claudio Takeshi"]
[Result "1-0"]
[WhiteElo "1728"]
[BlackElo "1473"]
[PlyCount "49"]
[EventDate "2015.04.18"]
[EventType "swiss"]
[EventRounds "6"]
[EventCountry "BRA"]
[SourceTitle "CBM 166 Extra"]
[Source "ChessBase"]
[SourceDate "2015.06.18"]
[SourceVersion "1"]
[SourceVersionDate "2015.06.18"]
[SourceQuality "1"]

1. e4 e6 2. d4 d5 3. Nd2 dxe4 4. Nxe4 Bd7 5. Bd3 Bc6 6. c3 h6 7. Nf3 Nd7 8. 0-0 Ngf6 9. Re1 Be7 10. Nxf6+ Bxf6 11. Bc2 Bxf3 12. Qxf3 c6 13. Bf4 Be7 14. Rxe6 Nf8 15. Re2 Ne6 16. Rae1 0-0 17. Qe4 g6 18. Bxh6 Re8 19. Qg4 Bf8 20. Rxe6 Rxe6 21. Rxe6 Bxh6 22. Rxg6+ fxg6 23. Qxg6+ Bg7 24. Bb3+ Kh8 25. Qh5+ 1-0